000 00479nam a2200193Ia 4500
005 20240913125646.0
008 240913s9999||||xx |||||||||||||| ||und||
020 _a978-818489609-1
041 _aENGLISH
082 _A620.5 Q0
100 _aVincent Rotello Ed.
245 0 _aNanoparticles Building Blocks for Naotechnilogy
250 _a1st
260 _c2010
_bSpr
500 _aREFERENCE
650 _aNanoparticles
_bNano Technology
942 _cREF
999 _c246000
_d246000